1325 1830 1158 1909 1610 1469 1194 1928 1026 1389 1563 1576 1227 1844 1917 1617 1863 1197 1858 1242 1663 1200 1151 1968 1848 1590 1735 1118 1417 1988 1293 1576 1050 1177 1879 1376 1130 1399 1703 1460 1722 1962 1216 1419 1041 1966 1011 1492 1314 1971 1089 1735 1924 1501 1499 1177 1010 1678 1218 1860 1503 1596 1367 1577 1757 1875 1896 1065 1744 1446 1528 1464 1763 1766 1238 1241 1451 1256 1925 1500 1381 1528 1986 1095 1160 1972 1165 1227 1577 1909 1618 1557 1987 1889 1647 1593 1764 1304 1714 BCNSPRNW ULIB Ver.6.0+V

เปลี่ยนเป็นภาษาไทย

Change to English
 แสดงรายละเอียดบรรณานุกรม
  กลับหน้าหลัก

Brief Record : Get Marc (ISO 2709) : E-mail record : QR code < ปิดหน้าต่าง
LEADER : 00000nam 2200000uu 4500
001    13399123770
003     ULIB
008    141126s2556||||th 000 0 tha d
020    ^a9786169153429
060    ^aWB105^bฟ176
245 00 ^aFrom global perspective to everyday practices/^cบรรณาธิการ; ดุสิต สถาวร, สหดล ปุญญถาวร, ครรชิต ปิยะเวชวิรัตน์
250    ^aพิมพ์ครั้งที่ 1
260    ^aกรุงเทพฯ :^bสมาคมเวชบำบัดวิกฤตแห่งประเทศไทย,^c2556.
300    ^axvi, 495 หน้า :^bภาพประกอบ
650  7 ^aการดูแลขั้นวิกฤต
650  7 ^aภาวะฉุกเฉิน
650  7 ^aผู้ป่วยหนัก^xการดูแล
650  7 ^aผู้ป่วยใกล้ตาย^xการดูแล
650  2 ^aCritical care,^xUpdate
650  2 ^aFluid,^xManagement
650  2 ^aSepsis & Septic shock,^xManagement
650  2 ^aShock
650  2 ^aRespiratory,^xCritical care
650  7 ^aระบบทางเดินอาหาร
650  2 ^aGastrointestinal,^xCritical care
650  2 ^aNeurologic,^xCritical care
650  2 ^aMetabolism & Nutrition
650  2 ^aMiscellaneous
700 0  ^aดุสิต สถาวร,^eบรรณาธิการ
700 0  ^aสหดล ปุญญถาวร,^eบรรณาธิการ
700 0  ^aครรชิต ปิยะเวชวิรัตน์,^eบรรณาธิการ
710 2  ^aสมาคมเวชบำบัดวิกฤตแห่งประเทศไทย
810 1  ^aการประชุมวิชาการและการอบรมระยะสั้นประจำปี 2556 ^bCritical care medicine 2013 :From global perspective to everyday practices
945    ^p560^l0^i037246
945    ^p560^l0^i037247
945    ^p560^l0^i037248
945    ^p560^l0^i037249
945    ^p560^l0^i037250
945    ^p560^l0^i037251
945    ^p560^l0^i037252
945    ^p560^l0^i037253
945    ^p560^l0^i037254
945    ^p560^l0^i037255
945    ^p560^l0^i000778
945    ^p560^l0^i000779
945    ^p560^l0^i000780
999    ^aเกษร โพธิ์สุวรรณ
รายการนี้ยังไม่มีแท็ก
คุณยังไม่ได้ล็อกอิน คุณสามารถมีกิจกรรมร่วมกับเว็บไซต์ได้ แต่ต้องล็อกอินก่อน ::
  ล็อกอิน

รายการสื่อสารสนเทศ

ลำดับที่ ประเภท เลขเรียก/บาร์โค้ด สถานที่ สถานะ
1. วิทยาศาสตร์การแพทย์ และสุขภาพ
หนังสือสำรอง
สถานะ=หนังสือสำรอง
WB105 ฟ176 ฉ.1 
  Barcode: 037246
ห้องสมุดวิทยาเขตสวรรค์ประชารักษ์
►ส่วนจัดเก็บหนังสือเก่า สปร
บนชั้น
  ขอยืม
2. วิทยาศาสตร์การแพทย์ และสุขภาพ
วิทยาศาสตร์การแพทย์ และสุขภาพ
WB105 ฟ176 ฉ.10 
  Barcode: 037255
ห้องสมุดวิทยาเขตสวรรค์ประชารักษ์
►ส่วนจัดเก็บหนังสือเก่า สปร
บนชั้น
  ขอยืม
3. Book การพยาบาล
Book การพยาบาล
WB105 ฟ176 ฉ.11 
  Barcode: 000778
ห้องสมุดวิทยาเขตสวรรค์ประชารักษ์
►ส่วนจัดเก็บหนังสือเก่า สปร
บนชั้น
  ขอยืม
4. Book การพยาบาล
Book การพยาบาล
WB105 ฟ176 ฉ.12 
  Barcode: 000779
ห้องสมุดวิทยาเขตสวรรค์ประชารักษ์
►ส่วนจัดเก็บหนังสือเก่า สปร
บนชั้น
  ขอยืม
5. Book การพยาบาล
Book การพยาบาล
WB105 ฟ176 ฉ.13 
  Barcode: 000780
ห้องสมุดวิทยาเขตสวรรค์ประชารักษ์
►ส่วนจัดเก็บหนังสือเก่า สปร
บนชั้น
  ขอยืม
6. วิทยาศาสตร์การแพทย์ และสุขภาพ
วิทยาศาสตร์การแพทย์ และสุขภาพ
WB105 ฟ176 ฉ.2 
  Barcode: 037247
ห้องสมุดวิทยาเขตสวรรค์ประชารักษ์
►ส่วนจัดเก็บหนังสือเก่า สปร
บนชั้น
  ขอยืม
7. วิทยาศาสตร์การแพทย์ และสุขภาพ
วิทยาศาสตร์การแพทย์ และสุขภาพ
WB105 ฟ176 ฉ.3 
  Barcode: 037248
ห้องสมุดวิทยาเขตสวรรค์ประชารักษ์
►ส่วนจัดเก็บหนังสือเก่า สปร
บนชั้น
  ขอยืม
8. วิทยาศาสตร์การแพทย์ และสุขภาพ
วิทยาศาสตร์การแพทย์ และสุขภาพ
WB105 ฟ176 ฉ.4 
  Barcode: 037249
ห้องสมุดวิทยาเขตสวรรค์ประชารักษ์
►ส่วนจัดเก็บหนังสือเก่า สปร
บนชั้น
  ขอยืม
9. วิทยาศาสตร์การแพทย์ และสุขภาพ
วิทยาศาสตร์การแพทย์ และสุขภาพ
WB105 ฟ176 ฉ.5 
  Barcode: 037250
ห้องสมุดวิทยาเขตสวรรค์ประชารักษ์
►ส่วนจัดเก็บหนังสือเก่า สปร
บนชั้น
  ขอยืม
10. วิทยาศาสตร์การแพทย์ และสุขภาพ
วิทยาศาสตร์การแพทย์ และสุขภาพ
WB105 ฟ176 ฉ.6 
  Barcode: 037251
ห้องสมุดวิทยาเขตสวรรค์ประชารักษ์
►ส่วนจัดเก็บหนังสือเก่า สปร
บนชั้น
  ขอยืม
11. วิทยาศาสตร์การแพทย์ และสุขภาพ
วิทยาศาสตร์การแพทย์ และสุขภาพ
WB105 ฟ176 ฉ.7 
  Barcode: 037252
ห้องสมุดวิทยาเขตสวรรค์ประชารักษ์
►ส่วนจัดเก็บหนังสือเก่า สปร
บนชั้น
  ขอยืม
12. วิทยาศาสตร์การแพทย์ และสุขภาพ
วิทยาศาสตร์การแพทย์ และสุขภาพ
WB105 ฟ176 ฉ.8 
  Barcode: 037253
ห้องสมุดวิทยาเขตสวรรค์ประชารักษ์
►ส่วนจัดเก็บหนังสือเก่า สปร
บนชั้น
  ขอยืม
13. วิทยาศาสตร์การแพทย์ และสุขภาพ
วิทยาศาสตร์การแพทย์ และสุขภาพ
WB105 ฟ176 ฉ.9 
  Barcode: 037254
ห้องสมุดวิทยาเขตสวรรค์ประชารักษ์
►ส่วนจัดเก็บหนังสือเก่า สปร
บนชั้น
  ขอยืม

รายการใกล้เคียง
    หัวเรื่อง [การดูแลขั้นวิกฤต]
    หัวเรื่อง [ภาวะฉุกเฉิน]
    หัวเรื่อง [Shock]
    หัวเรื่อง [ระบบทางเดินอาหาร]
    หัวเรื่อง [Metabolism & Nutrition]
    หัวเรื่อง [Miscellaneous]

BibComment


ยังไม่เคยถูกคอมเมนท์

คอมเมนท์ทรัพยากรรายการนี้
  คอมเมนท์: From global pers..


 Copyright 2026. Bcnsprnw @Library